| 000 | 01422nam a22004337a 4500 | ||
|---|---|---|---|
| 005 | 20260409121954.0 | ||
| 008 | 260407t1989 ag a | |||| 00| 0 s d | ||
| 020 | _a9789502303458 | ||
| 040 | _aAR-MoUNM | ||
| 082 |
_220 _a540 _bTEM 278 |
||
| 245 | 0 | 0 |
_aTemas de química general / _cMaría del Carmen Angelini ... et al. |
| 250 | _a5a ed. | ||
| 260 |
_aBuenos Aires : _bEudeba, _cc1989. |
||
| 300 |
_av. : _bil. ; tablas ; _c22 cm. |
||
| 490 | 0 | _a(Manuales) | |
| 500 | _aIncluye índice. | ||
| 505 | 0 | _tv1: Capítulo I , II, III, IV, V. | |
| 505 | 0 | _tv2: Capítulo V, VI, VII, VIII, IX. | |
| 505 | 0 | _tv3: Capítulo X, XI, XII. | |
| 650 | 7 |
_2unescot _aQUIMICA _9377 |
|
| 650 | 7 |
_2unescot _aPROPIEDAD QUIMICA _9853 |
|
| 650 | 7 |
_2unescot _aCINETICA QUIMICA _9383 |
|
| 650 | 7 |
_2unescot _aESTRUCTURA ATOMICA _9869 |
|
| 650 | 7 |
_2unescot _aELECTROQUIMICA _9380 |
|
| 650 | 7 |
_2unescot _aESTRUCTURA MOLECULAR _9870 |
|
| 650 | 7 |
_2unescot _aEFECTOS QUIMICOS _9385 |
|
| 650 | 7 |
_2unescot _aELEMENTO QUIMICO _9871 |
|
| 700 | 1 |
_aAngelini, María del Carmen _9854 |
|
| 700 | 1 |
_aBulwik, M. _9855 |
|
| 700 | 1 |
_aLastres Flores, L. _9856 |
|
| 700 | 1 |
_aSileo, M. _9857 |
|
| 700 | 1 |
_aBaumgartner, E. _9858 |
|
| 700 | 1 |
_aCrubellati, R. _9859 |
|
| 700 | 1 |
_aPouchan, M. _9860 |
|
| 700 | 1 |
_aBenítez, C. _9861 |
|
| 700 | 1 |
_aServant, R. _9863 |
|
| 700 | 1 |
_9862 _aLandau, L. D. _q(Lev Davidovich), _d1908-1968. |
|
| 942 |
_cLIBRO _2ddc |
||
| 999 |
_c21705 _d21706 |
||